000 00744nam a2200241Ia 4500
003 OSt
005 20220930185056.0
006 a|||||r|||| 00| 0
007 ta
008 220926b |||||||| |||| 00| 0 eng d
024 _a16,305
037 _cGeneral Books
040 _aCRL
_cCRL
_beng
041 _2eng
_aeng
082 _aa43,94,4.94, J3 (RR)
100 _aRanganathan S. R.
245 0 _aUnion catalogue of learned periodical publications in South Asia
260 _aLondon
_bIndian Library Association
_c1953
500 _aContents V1 : Physical and Biological sciences (390p)
650 _aBIBLIOGRAPHY
942 _ha43,94,4.94, J3 (RR)
_cGB
_2CC
999 _c889589
_d889589